[Event "Mecklenburg VP-ch U25"]
[Site "Malchow"]
[Date "2014.02.01"]
[Round "1"]
[White "Schuett, Matthias"]
[Black "Albrecht, Marie"]
[Result "1-0"]
[WhiteElo "1212"]
[BlackElo "832"]
[PlyCount "59"]
[EventDate "2014.02.01"]
[EventType "swiss"]
[EventRounds "7"]
[EventCountry "GER"]
[SourceTitle "EXT 2017"]
[Source "ChessBase"]
[SourceDate "2016.10.25"]
[SourceVersion "1"]
[SourceVersionDate "2016.10.25"]
[SourceQuality "1"]

1. d4 d5 2. c4 e6 3. Nc3 Bb4 4. Bd2 Bxc3 5. Bxc3 Nc6 6. Nf3 Nf6 7. e3 0-0 8. Qc2 Qe7 9. a3 b6 10. Bd3 Ba6 11. Ne5 Qd6 12. b4 dxc4 13. Bxc4 Bxc4 14. Nxc4 Qd5 15. Ne5 Nxe5 16. dxe5 Nd7 17. e4 Qb5 18. a4 Qc6 19. 0-0 Nxe5 20. Qb2 Qxe4 21. Bxe5 Rad8 22. Bxg7 Rfe8 23. Bh6 Rd4 24. Rad1 Red8 25. Rxd4 Rxd4 26. Qc3 e5 27. Qxc7 Qg4 28. Qb8+ Qc8 29. Qxc8+ Rd8 30. Qxd8# 1-0

[Event "GER-chT U14 Girls"]
[Site "Magdeburg"]
[Date "2013.12.27"]
[Round "2.4"]
[White "Reinbold, Sorah Marie"]
[Black "Albrecht, Marie"]
[Result "1-0"]
[WhiteElo "754"]
[BlackElo "850"]
[PlyCount "61"]
[EventDate "2013.12.27"]
[EventType "team-swiss"]
[EventRounds "4"]
[EventCountry "GER"]
[SourceTitle "EXT 2015"]
[Source "ChessBase"]
[SourceDate "2014.11.20"]
[SourceVersion "1"]
[SourceVersionDate "2014.11.20"]
[SourceQuality "1"]
[WhiteTeam "Endingen"]
[BlackTeam "Gadebusch"]
[WhiteTeamCountry "GER"]
[BlackTeamCountry "GER"]

1. e4 e5 2. Nf3 Nc6 3. Bc4 Nf6 4. Ng5 d5 5. Bb5 Nxe4 6. Nxe4 dxe4 7. 0-0 Bc5 8. Re1 Qf6 9. Bxc6+ bxc6 10. Rf1 Ba6 11. d3 exd3 12. cxd3 0-0 13. Nc3 Rad8 14. Ne4 Qe7 15. Nxc5 Qxc5 16. Qg4 Bxd3 17. Bh6 g6 18. Rfd1 Rfe8 19. Qf3 f5 20. Rxd3 e4 21. Rc3 Qd4 22. Qf4 Rd7 23. h3 a5 24. Rxc6 e3 25. fxe3 Qxb2 26. Rac1 Rc8 27. Rxc7 Rcxc7 28. Rxc7 Rxc7 29. Qxc7 a4 30. Qc4+ Kh8 31. Qc8# 1-0